Freguesias de Paredes de Coura - Statistics

Estatísticas Gerais
  • Esse quiz foi jogado 17 vezes
  • A pontuação média é 13 de 21
Estatísticas das Respostas
Número Freguesias % Correto
16 Paredes de Coura
100%
5 Coura
88%
19 Romarigães
88%
21 Vascões
88%
1 Agualonga
75%
4 Cossourado
75%
2 Bico
63%
8 Ferreira
63%
9 Formariz
63%
11 Insalde
63%
17 Porreiras
63%
20 Rubiães
63%
3 Castanheira
50%
7 Cunha
50%
10 Infesta
50%
12 Linhares
50%
15 Parada
50%
18 Resende
50%
6 Cristelo
38%
13 Mozelos
38%
14 Padornelo
38%
Nenhum quiz correspondente encontrado
Distribuição das Pontuações
Porcentagem de Pessoas com Cada Pontuação
Percentil de Números Respondidos
Sua Pontuação Histórica
Você não jogou esse quiz